000 00637nam a2200157 4500
008 030626s1930 enka 000 0 eng
090 _aBS2675
_bEv1e
130 0 _aBible. N. T. Corinthians. English. 1930. Revised.
245 1 0 _aThe Epistles of Paul the apostle to the Corinthians in the revised version,
260 _aOxford,
_bThe Clarendon press,
_c1930.
300 _a215, [1] p.
_bincl. front., illus.
_c19 cm.
650 4 _aBible. N. T. Corinthians
_xCommentaries
700 1 _aEvans.
_bErnest.
740 0 2 _aBible. English. N. T. Corinthians. 1930. Revised.
951 _p4821
_x00004494
_oBS2675/Ev1e
_j070613111243937
_d2000-12-21
_cGC
999 _c15391
_d15391